| 000 | 01047cam a2200265 a 4500 | ||
|---|---|---|---|
| 005 | 20180220115759.0 | ||
| 008 | 180220s2006 nyua rb 001 0 eng d | ||
| 020 | _a0071474943 | ||
| 020 | _a9780071474948 | ||
| 040 |
_aCO-BoUCM _bspa _cSandra Palacio _dSandra Palacio |
||
| 041 | 0 | _aeng | |
| 050 | 0 | 0 | _aHD4431 |
| 100 | 1 |
_aGoodman, Alvin S. _991484 |
|
| 245 | 1 | 0 |
_aInfrastructure planning handbook _bplanning, engineering, and economics _cAlvin S. Goodman, Makarand Hastak |
| 260 |
_aNueva York (Estados Unidos) _bASCE Press _bMcGraw-Hill _c2006 |
||
| 300 |
_aVarias paginaciones _bilustraciones |
||
| 490 | 0 | _aMcGraw-Hill construction | |
| 650 | 1 | 7 |
_aGobierno local _xPlanificación _vManuales _916479 |
| 650 | 2 | 7 |
_aServicios municipales _xPlanificación _vManuales _991485 |
| 650 | 2 | 7 |
_aIngeniería urbana _xPlanificación _vManuales _917650 |
| 650 | 2 | 7 |
_aInfraestructura (Economía) _xPlanificación _vManuales _917605 |
| 700 | 1 |
_aHastak, Makarand _991486 |
|
| 942 |
_2DEWEY _cLIBRO _a7 _e1 _h352 _mG653ip |
||
| 999 |
_c309252 _d309252 |
||